El impacto del hombre sobre la tierra / (Record no. 29253)
[ view plain ]
| 000 -CABECERA | |
|---|---|
| campo de control de longitud fija | 00562nam a2200193 a 4500 |
| 005 - FECHA Y HORA DE LA ÚLTIMA TRANSACCIÓN | |
| campo de control | 20240924070714.0 |
| 008 - ELEMENTOS DE LONGITUD FIJA--INFORMACIÓN GENERAL | |
| campo de control de longitud fija | 991125s1993 mx 000 0 spa u |
| 020 ## - NÚMERO INTERNACIONAL NORMALIZADO PARA LIBROS | |
| Número Internacional Estándar del Libro | 9682440548 |
| 035 ## - NÚMERO DE CONTROL DEL SISTEMA | |
| Número de control de sistema | UPN01000029253 |
| 049 ## - COLECCIÓN | |
| Colección | CG |
| 050 #4 - SIGNATURA TOPOGRÁFICA DE LA BIBLIOTECA DEL CONGRESO | |
| Número de clasificación | GF75 |
| Número de documento/Ítem | 055 1993 |
| 100 1# - ASIENTO PRINCIPAL--NOMBRE PERSONAL | |
| Nombre de persona | Ondarza, Raúl N. |
| 9 (RLIN) | 29780 |
| 245 13 - MENCIÓN DE TÍTULO | |
| Título | El impacto del hombre sobre la tierra / |
| Mención de responsabilidad, etc. | Raúl N. Ondarza. |
| 260 ## - PUBLICACIÓN, DISTRIBUCIÓN, ETC. | |
| Lugar de publicación, distribución, etc. | México : |
| Nombre del editor, distribuidor, etc. | Trillas, |
| Fecha de publicación, distribución, etc. | 1993. |
| 300 ## - DESCRIPCIÓN FÍSICA | |
| Extensión | 177 p. : |
| Otras características físicas | fots., col. |
| 650 #2 - ASIENTO SECUNDARIO DE MATERIA - TERMINO TEMATICO | |
| Término de materia o nombre geográfico como elemento de entrada | Ecología humana |
| 9 (RLIN) | 7042 |
| 650 #4 - ASIENTO SECUNDARIO DE MATERIA - TERMINO TEMATICO | |
| Término de materia o nombre geográfico como elemento de entrada | Hombre |
| Subdivisión general | Influencia en la naturaleza |
| 9 (RLIN) | 10359 |
| 905 ## - TIPO DE MATERIAL | |
| Tipo de material | Libro |
| Estado de retiro | Estado de pérdida | Fuente del sistema de clasificación o colocación | Estado dañado | No para préstamo | Código de colección | Localización permanente | Ubicación/localización actual | Ubicación en estantería | Total de préstamos | Clasificación | Código de barras | Fecha visto por última vez | Número de copia | Tipo de ítem Koha |
|---|---|---|---|---|---|---|---|---|---|---|---|---|---|---|
| Library of Congress Classification | Colección General | Bib. Gregorio Torres Quintero | Bib. Gregorio Torres Quintero | Planta baja | 6 | GF75 055 1993 | 152085 | 31/12/2020 | 1 | Libro |
